00961nam a22002532a 450000100060000000300080000600500170001400800410003103500190007204000270009104100080011808200220012610000470014824500790019526000300027430000210030465000260032565000270035170000310037894200120040999900170042195201340043895201350057222536BD-RjUL20211209000823.0140308s1956 enk 001 0 eng c a(BD-RjUL)22601 aSOIcSOIdBD-RjULbeng aeng a824.082bPRO 19561 aKeast, William R.qWilliam R.Keast.96957714aThe province of prose /cedited by William R. Keast and Robert E. Streeter aNew York :bHarper,c1956 a801 p. :c25 cm. 0aEnglish essays969578 0aAmerican essays9695791 aStreeter, Robert E.969191 2ddccBK c22536d22536 00102ddc40728NFICaRUCLbRUCLcReadingd1961-06-30eAsia foundl0o824.082 PRO 1956r2014-03-08 00:00:00tC-1w2021-12-09yBK 00102ddc40708NFICaRUCLbRUCLcGENd1962-04-09eAsia foundationl0o824.082 PRO 1956r2025-05-17 00:00:00tC-2w2025-05-17yBK